00425nam a2200157Ia 450000500170000000800410001704000190005804100120007708200150008910000210010424500560012526000420018130000110022365000230023485000100025720230210090322.0131103s9999 xx 000 0 und d aLoreto College aEnglish a820.9bMAC aMccormick, E. H. aNew Zealand literatureb A survey cE. H. Mccormick aLondonbOxford University Pressc1959 a173p.  aEnglish Literature aLCLIB